Gaming Quiz

Random Gaming or Pokémon Quiz

Pokémon Parts (Gen I) Quiz Stats

 Plays Quiz Updated Nov 14, 2017

Score 0/25 Timer 04:00
32 Plays Today
% Correct
Geodude
94.2%
Squirtle
94.2%
Charizard
90.3%
Machamp
89.6%
Magikarp
88.9%
Voltorb
88.3%
Vulpix
86.3%
Ivysaur
86.1%
Arbok
85.2%
Nidoran ♂
83.5%
Dratini
82.1%
Rattata
81.9%
Zapdos
81.5%
% Correct
Hitmonchan
81%
Arcanine
80.8%
Jolteon
80.3%
Starmie
80%
Gastly
80%
Drowzee
79.7%
Kakuna
77.9%
Poliwhirl
77.4%
Seaking
75.7%
Kabutops
71%
Parasect
69.3%
Tauros
67.9%

You're not logged in!

Compare scores with friends on all Sporcle quizzes.
OR
Log In

Sporcle TV

Today on Sporcle TV


Watch our educational content, quiz creation guides, and fun videos on Sporcle TV.

Show Comments

Extras

Top Quizzes Today


Score Distribution

Your Account Isn't Verified!

In order to create a playlist on Sporcle, you need to verify the email address you used during registration. Go to your Sporcle Settings to finish the process.

Report this User

Report this user for behavior that violates our Community Guidelines.

Details: